| 000 | 00698nam a2200193Ia 4500 | ||
|---|---|---|---|
| 003 | GCL | ||
| 008 | 140319s9999 xx 000 0 ara d | ||
| 040 |
_aGCL / _cGCL |
||
| 082 | 0 | 4 |
_a928.1 _bا غ |
| 100 | 1 | _aالاندلسى، ابوالحسن عبدالله ب | |
| 245 | 1 | 0 |
_aالغصون اليانعة فى محاسن شعراء المائه السابعه / _cالاندلسى، ابوالحسن عبدالله ب |
| 700 | 1 | _aابراهيم الابيارى | |
| 490 |
_aكتاب _v0 |
||
| 650 | 0 | 4 | _aالشعراء العرب |
| 650 | 0 | 4 | _aالشعر العربى - تاريخ ونقد |
| 650 | 0 | 4 | _aالادباء |
| 650 | 0 | 4 | _aالادباء العرب - تراجم |
| 942 |
_2ddc _cBK |
||
| 999 |
_c42237 _d42237 |
||